Clubs avec 5 titres national ou plus entre 2000 et 2025 - Mort Subite - Statistiques

Statistiques générales
  • Ce quiz a été pris 377 fois
  • Le résultat moyen est 6 sur 11
Answers on the Grid
Answers color-coded by a green-red scale on the quiz's grid according to % correct below.
AC Milan
Ajax
Arsenal FC
Atlético Madrid
Bayern Munich
Club Bruges KV
FC Barcelone
FC Porto
Feyenoord
Galatasaray SK
Juventus
LIverpool FC
Manchester United
Panathinaïkos
Paris Saint-Germain
Red Bull Salzburg
Shakhtar Donetsk
 
Statistiques - réponses
Réponse % Correct
11 Titres Paris Saint-Germain
81%
19 Titres Bayern Munich
75%
12 Titres FC Barcelone
71%
9 Titres Ajax
64%
11 titres Juventus
63%
12 Titres FC Porto
53%
8 Titres Manchester United
48%
12 Titres Galatasaray SK
43%
14 Titres Red Bull Salzburg
35%
15 Titres Shakhtar Donetsk
35%
8 Titres Club Bruges KV
21%
Aucun quiz correspondant
Distribution des résultats
% des personnes avec chaque résultat
Percentile par nombre de réponses
Votre historique - résultats
Vous n’avez pas pris ce quiz